Countries Where YouTube Was Formerly Blocked - Statistics

General Stats
  • This quiz has been taken 26 times
  • The average score is 8 of 16
Answer Stats
Answer % Correct
Venezuela
85%
Russia
81%
Turkey
81%
Pakistan
65%
Afghanistan
62%
Libya
50%
Morocco
50%
Armenia
46%
Indonesia
46%
United Arab Emirates
46%
Thailand
38%
Tunisia
38%
Malaysia
35%
Brazil
31%
Bangladesh
23%
Germany
15%
No matching quizzes found
Score Distribution
Percent of People with Each Score
Percentile by Number Answered
Your Score History
You have not taken this quiz